Režijní náklady včera, dnes a zítra
Vytváranie modelov režijných nákladov. Príklad výpočtového algoritmu režijných nákladov. Režijné náklady a súčasná hospodárska prax. Príspevok približuje doterajší vývoj vo vytváraní vybraných nákladových prístupov a algoritmov.
Gespeichert in:
| 1. Verfasser: | |
|---|---|
| Format: | Buchkapitel |
| Sprache: | Tschechisch |
| Schlagworte: | |
| Tags: |
Keine Tags, Fügen Sie das erste Tag hinzu!
|
MARC
| LEADER | 00000naa$a2200000$$$4500 | ||
|---|---|---|---|
| 001 | 0003436 | ||
| 005 | 20231004104308.8 | ||
| 041 | 0 | |a cze | |
| 044 | |a CZ | ||
| 245 | 1 | 0 | |a Režijní náklady včera, dnes a zítra |c aut. Karel Křikač |
| 520 | |a Vytváranie modelov režijných nákladov. Príklad výpočtového algoritmu režijných nákladov. Režijné náklady a súčasná hospodárska prax. Príspevok približuje doterajší vývoj vo vytváraní vybraných nákladových prístupov a algoritmov. | ||
| 610 | 2 | 0 | |a náklady režijné |
| 610 | 2 | 0 | |a náklady variabilné |
| 610 | 2 | 0 | |a náklady vlastné |
| 610 | 2 | 0 | |a algoritmy |
| 610 | 2 | 0 | |a modelovanie |
| 610 | 2 | 0 | |a analýza nákladov |
| 100 | 1 | |a Křikač, Karel | |